00880nam a2200217 a 450000100100000000500170001000800410002702000180006804000250008608200220011110000310013324501280016426000440029230000340033650400310037065000550040165000480045665000520050465000740055670000320063000004076020240305130443.0130906s2013 ve 001 0 spa d a9789807364140 aDO-SdBNPbspacBNPHU a335.5bI73r, 20131 aIsa Conde, Narciso,d1942-10aRearmando la utopía :bdel neoliberalismo global al nuevo socialismo /cNarciso Isa Conde ; prólogo Carlos Luis Rivero. aCaracas, Venezuela :bTrinchera,c2013. a482, [12] p. :bil. ;c21 cm. aBibliografía : p.483-494 4aSocialismo y sociedadxEnsayos, conferencias, etc. 4aNeoliberalismoxEnsayos, conferencias, etc. 4aFormas de gobiernoxEnsayos, conferencias, etc. 4aSistemas políticosxHistoriaySIGLO XXxEnsayos, conferencias, etc.1 aRivero, Carlos Luis,eprol.